[Event "Aeskulap op 15th"]
[Site "Goerlitz"]
[Date "1998.??.??"]
[Round "2"]
[White "Arnhold, Kerstin"]
[Black "Klemm, Dietmar"]
[Result "1-0"]
[WhiteElo "2020"]
[BlackElo "2190"]
[PlyCount "79"]
[EventDate "1998.03.??"]
[EventType "swiss"]
[EventRounds "7"]
[EventCountry "GER"]
[SourceTitle "EXT 1999"]
[Source "ChessBase"]
[SourceDate "1998.11.16"]
[SourceVersion "1"]
[SourceVersionDate "1998.11.16"]
[SourceQuality "1"]

1. e4 g6 2. d4 c6 3. f4 d5 4. e5 h5 5. Nf3 Bg4 6. Bd3 Nh6 7. c3 e6 8. Be3 Nd7 9. Nbd2 c5 10. Bb5 c4 11. Qc1 a6 12. Bxd7+ Qxd7 13. b3 cxb3 14. axb3 Rc8 15. 0-0 Bxf3 16. Rxf3 Ng4 17. Qb2 Qb5 18. Bf2 Nxf2 19. Kxf2 Be7 20. Qa2 0-0 21. Qa4 Qb6 22. Rd3 f6 23. Kg1 fxe5 24. fxe5 Qb5 25. c4 dxc4 26. bxc4 Qxa4 27. Rxa4 Rf4 28. g3 Rf5 29. Ra1 Rd8 30. Rf1 Rxe5 31. Nf3 Rf5 32. Re3 Rd6 33. d5 Bd8 34. Rxe6 Rxe6 35. dxe6 Bf6 36. Kg2 Rc5 37. Nd2 Be7 38. Rf7 Rc7 39. Nf3 Bd6 40. c5 1-0